Statistics for German - Berlin Vocabulary - Diversity within the population of Berlin

Click here to take the quiz!

General Stats

  • This quiz has been taken 3 times
  • The average score is 15 of 42

Answer Stats

AnswerHint% Correct
dankthanks to
100%
behandelnto treat
67%
das Vertrauen(−)trust
67%
das Vorurteil(e)prejudice
67%
der Einwohner(−)inhabitant
67%
der Gastarbeiter(−)someone invited to work in Germany during the economic boom in the late 1950s and 1960s
67%
der Stadtteil(e)district, part of town
67%
die Erfahrung(en)experience
67%
die Minderheit(en)minority
67%
die Mischung(en)mixture
67%
die Nationalität(en)nationality
67%
die Spezialität(en)speciality
67%
die Vorfahrenancestors
67%
im Alltagin everyday life
67%
bereichernto enrich
33%
berücksichtigento take into consideration
33%
der Aussiedler(−)someone who returned to Germany after the Cold War from Eastern Europe or Russia, whose ancestors had German roots
33%
der Geschmack(¨e)taste
33%
die Ausländerfeindlichkeitxenophobia
33%
die Bevölkerungsgruppe(n)section of the population
33%
die Herkunft(¨e)origin
33%
duldento tolerate
33%
ehemaligformer
33%
erleichternto facilitate, make easier
33%
fördernto support, promote
33%
gleichgeschlechtlichhomosexual
33%
kennenlernento get to know
33%
mit Migrations-hintergrund(of a person) from a migrant family background
33%
multikulti (coll)multicultural
33%
sich wohlfühlento enjoy yourself, feel at ease/happy
33%
überwiegendpredominantly
33%
das Verhältnis(se)relationship
0%
der Einheimische(n)local
0%
der Einwanderer(−)immigrant
0%
deutscher Abstammungof German origin
0%
die Ausländer(−)/ die Ausländerin(nen)foreigner
0%
eingemeindento incorporate into (village)
0%
jemandem trauento trust someone
0%
launischmoody
0%
sich verständigento come to an understanding
0%
stammen austo originate/come from
0%
Vorurteile abbauento overcome prejudices
0%

Score Distribution

Percentile by Number Answered

Percent of People with Each Score

Your Score History

You have not taken this quiz